000
00343 a2200157 4500
001
174203
020
_a
040
_c
Magnum
100
_a
Perdrizet, Marie-Pierre
240
1
0
_a
Os homens da pre-historia
_l
por
245
1
0
_a
Os homens da pre-historia
362
0
_a
1899
440
1
_a
Scipione
697
_a
IJ/PARADIDATICO
942
_c
BK
999
_c
174203
_d
174203